Normal view
MARC view
- The Art of Growing Old
Entry Topical Term
001 - CONTROL NUMBER
- control field: 105003
003 - CONTROL NUMBER IDENTIFIER
- control field: NUST
005 - DATE AND TIME OF LATEST TRANSACTION
- control field: 20221215144358.0
008 - FIXED-LENGTH DATA ELEMENTS
- fixed length control field: 221215|| aca||aabn | a|a d
040 ## - CATALOGING SOURCE
- Original cataloging agency: NUST
- Transcribing agency: NUST
150 ## - HEADING--TOPICAL TERM
- Topical term or geographic name entry element: The Art of Growing Old
670 ## - SOURCE DATA FOUND
- Source citation: Work cat.: (NUST)184764: Powys, John Cowper 105002, The Art of Growing Old / , 1944
